[Event "USCL Week 6"]
[Site "Internet Chess Club"]
[Date "2011.10.03"]
[Round "?"]
[White "Klein, Mike"]
[Black "Holt, Conrad"]
[Result "0-1"]
[WhiteElo "2304"]
[BlackElo "2520"]
[PlyCount "57"]
[EventDate "2011.??.??"]

1. e4 e6 2. d3 d5 3. Nd2 Nf6 4. Ngf3 Bc5 5. e5 Nfd7 6. g3 Bb6 7. Bg2 c5 8. O-O
Nc6 9. Re1 Bc7 10. Nb3 Ndxe5 11. Nxc5 Nxf3+ 12. Qxf3 O-O 13. Nb3 e5 14. c3 Be6
15. Nc5 Bb6 16. Na4 a5 17. b3 Re8 18. Nxb6 Qxb6 19. Bd2 Rac8 20. Rac1 Qc5 21.
d4 exd4 22. cxd4 Qxd4 23. Bc3 Qb6 24. Qf4 h6 25. Rcd1 Qc5 26. Bb2 Qc2 27. Rd2
Qg6 28. Red1 Bg4 29. Bf3 0-1

[Event "USCL Week 6"]
[Site "Internet Chess Club"]
[Date "2011.10.03"]
[Round "?"]
[White "Sadorra, Julio"]
[Black "Battaglini, Gabriel"]
[Result "1-0"]
[WhiteElo "2561"]
[BlackElo "2420"]
[PlyCount "95"]
[EventDate "2011.??.??"]

1. d4 d5 2. c4 e6 3. Nc3 Nf6 4. Nf3 Bb4 5. cxd5 exd5 6. Bg5 O-O 7. e3 Nbd7 8.
Bd3 c5 9. O-O Qa5 10. Nxd5 Nxd5 11. a3 cxd4 12. axb4 Qxb4 13. Nxd4 Qxb2 14. Rb1
Qc3 15. Rb3 Qc7 16. e4 Nf4 17. Bb1 Re8 18. e5 Qxe5 19. Re3 Qxg5 20. Rxe8+ Nf8
21. g3 Nh3+ 22. Kg2 Bg4 23. Rxa8 Bxd1 24. Rxd1 Qd5+ 25. f3 Ng5 26. h4 b6 27.
Re8 Qd7 28. Rxf8+ Kxf8 29. hxg5 Qd5 30. Bf5 Qa2+ 31. Kh3 g6 32. Be4 a5 33. Nc6
Kg7 34. Ne5 h6 35. gxh6+ Kxh6 36. Bd5 Qe2 37. Nxf7+ Kg7 38. Rd4 Qf2 39. Ng5 b5
40. Rf4 Kh6 41. Nf7+ Kg7 42. Ng5 Kh6 43. Ne6 Qf1+ 44. Kg4 Qe1 45. Be4 Qc3 46.
Kh3 Kh7 47. Rf7+ Kh8 48. Bxg6 1-0

[Event "USCL Week 6"]
[Site "Internet Chess Club"]
[Date "2011.10.03"]
[Round "?"]
[White "Xiong, Jeffery"]
[Black "Mabe, Chris"]
[Result "1/2-1/2"]
[WhiteElo "2237"]
[BlackElo "2296"]
[PlyCount "104"]
[EventDate "2011.??.??"]

1. e4 e6 2. d4 d5 3. Nd2 Nf6 4. e5 Nfd7 5. Bd3 c5 6. c3 Nc6 7. Ne2 cxd4 8. cxd4
f6 9. exf6 Nxf6 10. O-O Bd6 11. Nf3 Qc7 12. Bg5 O-O 13. Bh4 Nh5 14. Qc2 h6 15.
Bh7+ Kh8 16. Bg6 Rxf3 17. Bxh5 Rf5 18. Bg4 Bxh2+ 19. Kh1 Bd6 20. Bxf5 exf5 21.
Rae1 Qf7 22. Bg3 Bb4 23. Rc1 Bd7 24. a3 Ba5 25. b4 Bb6 26. Qd2 Re8 27. Rfe1 a6
28. a4 Bd8 29. Kg1 b5 30. axb5 axb5 31. Rc5 Bf6 32. Rxb5 Nxd4 33. Nxd4 Rxe1+
34. Qxe1 Bxd4 35. Rb7 Kh7 36. Qd2 Bf6 37. b5 d4 38. Qd3 Qd5 39. Qf3 Qe6 40. Kh2
Be5 41. Bf4 Bc8 42. Ra7 Qb6 43. Re7 Bf6 44. Rf7 Qxb5 45. Rxf6 gxf6 46. Qh5 Qd7
47. Qxh6+ Kg8 48. Qg6+ Qg7 49. Qe8+ Qf8 50. Qg6+ Qg7 51. Qe8+ Qf8 52. Qg6+ Qg7
1/2-1/2

[Event "USCL Week 6"]
[Site "Internet Chess Club"]
[Date "2011.10.03"]
[Round "?"]
[White "Matros, Alexander"]
[Black "Chirila, Cristian"]
[Result "1-0"]
[WhiteElo "2440"]
[BlackElo "2565"]
[PlyCount "71"]
[EventDate "2011.??.??"]

1. d4 d5 2. c4 e6 3. Nc3 c6 4. Nf3 dxc4 5. a4 Bb4 6. e3 b5 7. Bd2 a5 8. Rb1 Bd7
9. Ne5 Nf6 10. g4 O-O 11. Bg2 Nd5 12. O-O f6 13. Nxd7 Qxd7 14. Qf3 Bxc3 15.
bxc3 Na6 16. Rfc1 Nac7 17. Qg3 f5 18. h3 Ne8 19. Qe5 bxa4 20. f3 Nd6 21. e4 Nc7
22. Qc5 fxe4 23. fxe4 e5 24. Rb6 exd4 25. cxd4 Ne6 26. Qxc6 Qxc6 27. Rxc6 Nxd4
28. Rxd6 Ne2+ 29. Kh2 Nxc1 30. Bxc1 Rab8 31. e5 c3 32. Bd5+ Kh8 33. e6 Rf2+ 34.
Kg3 Re2 35. Rc6 Re5 36. Bf4 1-0

[Event "USCL Week 6"]
[Site "Internet Chess Club"]
[Date "2011.10.03"]
[Round "?"]
[White "Abrahamyan, Tatev"]
[Black "Ippolito, Dean"]
[Result "1-0"]
[WhiteElo "2415"]
[BlackElo "2554"]
[PlyCount "53"]
[EventDate "2011.??.??"]

1. e4 c6 2. d4 d5 3. Nc3 dxe4 4. Nxe4 Bf5 5. Ng3 Bg6 6. h4 h6 7. Nf3 Nd7 8. h5
Bh7 9. Bd3 Bxd3 10. Qxd3 Ngf6 11. Bd2 e6 12. O-O-O Be7 13. Qe2 O-O 14. Nf1 c5
15. g4 cxd4 16. g5 hxg5 17. Bxg5 Qa5 18. Kb1 e5 19. Ng3 Rfe8 20. Nf5 Bf8 21.
Rdg1 Kh8 22. N3h4 Nd5 23. Ng6+ Kg8 24. Nxf8 Rxf8 25. Qg4 Nc3+ 26. bxc3 Kh8 27.
Bh6 1-0

[Event "USCL Week 6"]
[Site "Internet Chess Club"]
[Date "2011.10.03"]
[Round "?"]
[White "Herman, Matt"]
[Black "Kelley, Dereque"]
[Result "1-0"]
[WhiteElo "2426"]
[BlackElo "2241"]
[PlyCount "57"]
[EventDate "2011.??.??"]

1. e4 e5 2. Nf3 Nc6 3. Bc4 Nf6 4. d3 Be7 5. O-O O-O 6. Re1 d6 7. c3 Na5 8. Bb5
a6 9. Ba4 b5 10. Bc2 c5 11. Nbd2 Nc6 12. Nf1 Re8 13. h3 h6 14. N3h2 d5 15. Qf3
d4 16. Ng3 Bf8 17. Nf5 Kh7 18. Ng4 Nxg4 19. hxg4 g6 20. g5 gxf5 21. exf5 hxg5
22. Qh5+ Kg8 23. Bxg5 Be7 24. Bh6 Qd6 25. Bb3 Qf6 26. g4 Na5 27. Bd5 Bb7 28. g5
Qxf5 29. Rxe5 1-0

[Event "USCL Week 6"]
[Site "Internet Chess Club"]
[Date "2011.10.03"]
[Round "?"]
[White "Sherer, Maximillian"]
[Black "Casella, Michael"]
[Result "0-1"]
[WhiteElo "1797"]
[BlackElo "2334"]
[PlyCount "138"]
[EventDate "2011.??.??"]

1. d4 Nf6 2. c4 g6 3. Nc3 d5 4. cxd5 Nxd5 5. e4 Nxc3 6. bxc3 Bg7 7. Bc4 c5 8.
Ne2 Nc6 9. Be3 O-O 10. O-O Qc7 11. Rc1 b6 12. Qd2 Bb7 13. f3 Rad8 14. Rfd1 Na5
15. Bd3 e6 16. Bh6 Qe7 17. Bxg7 Kxg7 18. Qe3 Rd7 19. Bb5 Rc7 20. Qf4 a6 21. Bd3
Rd8 22. Qe3 Rdc8 23. Ng3 b5 24. Qe1 Kg8 25. c4 bxc4 26. Qxa5 cxd3 27. Rxd3 cxd4
28. Rxc7 Qxc7 29. Qxc7 Rxc7 30. Rxd4 Rc1+ 31. Nf1 Ra1 32. Ra4 Bc6 33. Rxa6
Rxf1+ 34. Kxf1 Bb5+ 35. Ke1 Bxa6 36. a3 e5 37. Kd2 Kf8 38. Kc3 Ke7 39. a4 Kd6
40. Kb4 Kc6 41. g3 f6 42. f4 Bd3 43. fxe5 fxe5 44. a5 Bxe4 45. a6 Kd6 46. a7
Ba8 47. Kc3 Kc5 48. Kd3 Kb6 49. h4 Kxa7 50. g4 Kb6 51. h5 gxh5 52. gxh5 h6 53.
Ke3 Kc5 54. Kd3 Bf3 55. Ke3 Bxh5 56. Ke4 Kd6 57. Ke3 Kd5 58. Kd3 e4+ 59. Ke3
Ke5 60. Kd2 Kd4 61. Kc1 Kd3 62. Kb1 e3 63. Ka1 e2 64. Kb1 e1=Q+ 65. Ka2 Qb4 66.
Ka1 Kc2 67. Ka2 Qb5 68. Ka1 Qb8 69. Ka2 Qa7# 0-1

[Event "USCL Week 6"]
[Site "Internet Chess Club"]
[Date "2011.10.03"]
[Round "?"]
[White "Feng, Roland"]
[Black "Gershenov, Ben"]
[Result "1-0"]
[WhiteElo "2074"]
[BlackElo "2279"]
[PlyCount "89"]
[EventDate "2011.??.??"]

1. Nf3 Nf6 2. c4 e6 3. Nc3 d5 4. d4 Bb4 5. Qc2 Nbd7 6. Bg5 O-O 7. e3 c5 8. cxd5
exd5 9. Be2 cxd4 10. Nxd4 Qa5 11. f3 Re8 12. O-O Bxc3 13. bxc3 h6 14. Bh4 Rxe3
15. Rac1 b6 16. Bf2 Re8 17. a4 Qc5 18. Bb5 a6 19. Nf5 Qc7 20. Bg3 Qc5+ 21. Bf2
Qf8 22. Bc6 Ra7 23. a5 Rc7 24. Bxd7 Nxd7 25. axb6 Rb7 26. Bd4 f6 27. Rb1 Re6
28. Qf2 g6 29. Nh4 Kh7 30. f4 f5 31. Nf3 Nf6 32. Qh4 Ne4 33. Rbe1 Kg8 34. Ne5
Rbxb6 35. Bxb6 Rxb6 36. Kh1 Qc5 37. Qd8+ Kg7 38. Nd3 Qc6 39. Qe7+ Kg8 40. Ne5
Qb7 41. Qe8+ Kg7 42. c4 d4 43. c5 Re6 44. Qd8 Nd2 45. c6 1-0

[Event "USCL Week 6"]
[Site "Internet Chess Club"]
[Date "2011.10.03"]
[Round "?"]
[White "Krasik, Ilya"]
[Black "Adamson, Robby"]
[Result "1-0"]
[WhiteElo "2264"]
[BlackElo "2388"]
[PlyCount "75"]
[EventDate "2011.??.??"]

1. d4 e6 2. c4 Bb4+ 3. Bd2 Bxd2+ 4. Qxd2 f5 5. Nc3 Nf6 6. g3 O-O 7. Bg2 Qe7 8.
Nf3 d6 9. O-O c6 10. Rfe1 d5 11. Rac1 Nbd7 12. Ne5 Nxe5 13. dxe5 Nd7 14. f4 Nb6
15. cxd5 exd5 16. e3 Be6 17. b3 Rfd8 18. Ne2 a5 19. Nd4 Nd7 20. g4 fxg4 21. f5
Bxf5 22. Nxf5 Qxe5 23. e4 d4 24. Rf1 h6 25. Rf2 Nf8 26. Rcf1 Qe6 27. Qf4 Kh7
28. Qxg4 Qg6 29. Qh4 Ne6 30. e5 d3 31. Nd6 Qg5 32. Qe4+ Kg8 33. Nf7 Qe7 34. Qg6
Nf8 35. Nxh6+ Kh8 36. Nf7+ Kg8 37. Qh5 Nh7 38. Be4 1-0

[Event "USCL Week 6"]
[Site "Internet Chess Club"]
[Date "2011.10.03"]
[Round "?"]
[White "Orlov, Georgi"]
[Black "Fedorowicz, John"]
[Result "1/2-1/2"]
[WhiteElo "2541"]
[BlackElo "2523"]
[PlyCount "115"]
[EventDate "2011.??.??"]

1. e4 c5 2. Nf3 d6 3. d4 cxd4 4. Nxd4 Nf6 5. Nc3 Nc6 6. f4 g6 7. Be2 Bg7 8. Nb3
Qb6 9. g4 h5 10. gxh5 Nxh5 11. Nd5 Qd8 12. O-O Nf6 13. Bf3 Nxd5 14. exd5 Qb6+
15. Kh1 Nd4 16. Nxd4 Qxd4 17. Qe2 Qf6 18. Re1 Qh4 19. c3 Bf6 20. Be3 Bd7 21.
Rg1 Kf8 22. Rg2 b5 23. Qd2 Bh3 24. Rf2 Bg4 25. Be4 a5 26. Raf1 Rc8 27. Rg1 b4
28. cxb4 Rc4 29. Bd3 Rxb4 30. b3 Qh5 31. Be2 Bxe2 32. Rxe2 Rb5 33. Reg2 Qxd5
34. Qe2 Qb7 35. Rf1 Rhh5 36. Kg1 Qe4 37. Qf3 Qxf3 38. Rxf3 a4 39. bxa4 Ra5 40.
Rc2 Rxa4 41. Kg2 Rha5 42. Rff2 Kg7 43. Rfe2 e6 44. Bc1 Bd4 45. Kf3 Bc5 46. Rg2
Kf8 47. Bb2 Ke7 48. Bc3 Ra3 49. Kg4 R5a4 50. Rge2 Kd7 51. Kg5 d5 52. Be5 Be7+
53. Kh6 f6 54. Rc7+ Kd8 55. Rec2 Ke8 56. Bb2 Kf7 57. Bxa3 Rxa3 58. R7c3 1/2-1/2

[Event "USCL Week 6"]
[Site "Internet Chess Club"]
[Date "2011.10.03"]
[Round "?"]
[White "Atoufi, Pedram"]
[Black "Mosiyenko, Daniil"]
[Result "0-1"]
[WhiteElo "2326"]
[BlackElo "2132"]
[PlyCount "100"]
[EventDate "2011.??.??"]

1. e4 c5 2. Nf3 d6 3. d4 cxd4 4. Nxd4 Nf6 5. Nc3 a6 6. Bc4 e6 7. O-O b5 8. Bb3
Be7 9. Qf3 Qc7 10. Re1 O-O 11. Qg3 Kh8 12. Bg5 b4 13. Na4 h6 14. Qh4 Nc6 15.
Nxc6 Qxc6 16. Re3 Ra7 17. c3 a5 18. Bc2 e5 19. b3 Kg8 20. Bxf6 Bxf6 21. Qg3 Bg5
22. Rd3 f5 23. Re1 fxe4 24. Rdd1 Bf5 25. c4 Bf4 26. Qh4 Raf7 27. Rd5 Bg5 28.
Qg3 e3 29. Bxf5 exf2+ 30. Qxf2 Rxf5 31. Qe2 Qd7 32. Nb2 Qa7+ 33. c5 dxc5 34.
Nc4 Rf2 35. Qxe5 Qf7 36. Rdd1 a4 37. Nd6 Qa7 38. Ne8 c4 39. Kh1 Qb7 40. Rg1
cxb3 41. axb3 a3 42. Nc7 a2 43. Rd7 Bf6 44. Qe6+ Kh8 45. Nd5 a1=Q 46. Rxb7 Rf1
47. h4 Rxg1+ 48. Kh2 Be5+ 49. Kh3 Rh1+ 50. Kg4 Qd1# 0-1

[Event "USCL Week 6"]
[Site "Internet Chess Club"]
[Date "2011.10.05"]
[Round "?"]
[White "Rodriguez, Eric"]
[Black "Riordan, Charles"]
[Result "1-0"]
[WhiteElo "2397"]
[BlackElo "2443"]
[PlyCount "39"]
[EventDate "2011.??.??"]

1. e4 c5 2. d4 cxd4 3. c3 Nf6 4. e5 Nd5 5. Nf3 Nc6 6. Bc4 Nb6 7. Bb3 d5 8. exd6
Qxd6 9. O-O Be6 10. Na3 Bxb3 11. Qxb3 dxc3 12. Nb5 Qb8 13. Ng5 e6 14. Nxe6 fxe6
15. Qxe6+ Be7 16. Re1 Kf8 17. Re3 Qc8 18. Rf3+ Bf6 19. Rxf6+ gxf6 20. Bh6# 1-0

[Event "USCL Week 6"]
[Site "Internet Chess Club"]
[Date "2011.10.05"]
[Round "?"]
[White "Fikiet, Alex"]
[Black "Alvarez, Ernesto"]
[Result "1-0"]
[WhiteElo "2255"]
[BlackElo "2207"]
[PlyCount "87"]
[EventDate "2011.??.??"]

1. d4 Nf6 2. c4 e6 3. Nf3 c5 4. d5 exd5 5. cxd5 d6 6. Nc3 g6 7. Qa4+ Bd7 8. Qb3
Qc7 9. e4 a6 10. a4 b6 11. Bc4 Bg7 12. Bg5 O-O 13. O-O Bg4 14. Nd2 h6 15. Be3
Kh7 16. h3 Bc8 17. f4 Nbd7 18. e5 dxe5 19. f5 gxf5 20. Rxf5 b5 21. axb5 Nb6 22.
Rff1 Nxc4 23. Nxc4 Bb7 24. b6 Qe7 25. Rad1 Nh5 26. Qc2+ Kh8 27. Ne4 Rad8 28.
Bxc5 Qh4 29. Bxf8 Rxf8 30. Ncd6 Nf4 31. Nxb7 f5 32. Ned6 e4 33. Qf2 Nxh3+ 34.
gxh3 Qxh3 35. Qh2 Qg4+ 36. Kh1 f4 37. Nd8 e3 38. N8f7+ Kh7 39. Qc2+ Kg8 40.
Nxh6+ Bxh6 41. Rg1 Qg7 42. Rxg7+ Bxg7 43. Rg1 Rf6 44. Nf5 1-0

[Event "USCL Week 6"]
[Site "Internet Chess Club"]
[Date "2011.10.05"]
[Round "?"]
[White "Milman, Lev"]
[Black "Zilberstein, Dmitry"]
[Result "1/2-1/2"]
[WhiteElo "2490"]
[BlackElo "2461"]
[PlyCount "40"]
[EventDate "2011.??.??"]

1. d4 d5 2. c4 e6 3. Nf3 Nf6 4. Nc3 Bb4 5. Bg5 h6 6. Bxf6 Qxf6 7. e3 O-O 8. Rc1
dxc4 9. Bxc4 c5 10. O-O cxd4 11. Nxd4 Bd7 12. Qb3 Nc6 13. Rfd1 Bxc3 14. Rxc3
Na5 15. Qb4 Nxc4 16. Rxc4 e5 17. Nb3 Bc6 18. Na5 Rfd8 19. Rcc1 Rxd1+ 20. Rxd1
Rd8 1/2-1/2

[Event "USCL Week 6"]
[Site "Internet Chess Club"]
[Date "2011.10.05"]
[Round "?"]
[White "Cao, Kevin"]
[Black "Bonin, Jay"]
[Result "1/2-1/2"]
[WhiteElo "2215"]
[BlackElo "2438"]
[PlyCount "73"]
[EventDate "2011.??.??"]

1. e4 c5 2. Nf3 Nc6 3. d4 cxd4 4. Nxd4 e5 5. Nb5 d6 6. N1c3 a6 7. Na3 Be6 8.
Be3 Rc8 9. Be2 Nb4 10. O-O Nf6 11. f4 exf4 12. Bxf4 Be7 13. Bf3 O-O 14. Kh1 d5
15. e5 Nd7 16. Nxd5 Nxd5 17. Bxd5 Bxd5 18. Qxd5 Bxa3 19. bxa3 Nc5 20. Qxd8
Rfxd8 21. Rad1 Rxd1 22. Rxd1 Ne6 23. Be3 Rxc2 24. Rd7 Rxa2 25. Rxb7 Ra1+ 26.
Bg1 h5 27. Rb3 Nf4 28. Re3 Ra2 29. Rf3 g5 30. h4 Ne2 31. Bf2 g4 32. Re3 Kf8 33.
g3 Ke7 34. Kg2 Ke6 35. Kf1 Nd4 36. Rd3 Nf5 37. Rc3 1/2-1/2

[Event "USCL Week 6"]
[Site "Internet Chess Club"]
[Date "2011.10.05"]
[Round "?"]
[White "Schoch, Ian"]
[Black "Menon, Gopal"]
[Result "0-1"]
[WhiteElo "2292"]
[BlackElo "2222"]
[PlyCount "66"]
[EventDate "2011.??.??"]

1. d4 c5 2. d5 e5 3. Nc3 d6 4. e4 Be7 5. Bb5+ Nd7 6. Qg4 g6 7. a4 Ngf6 8. Qd1
O-O 9. g4 Ne8 10. h4 Ng7 11. h5 Bg5 12. Nf3 Bf4 13. Bxf4 exf4 14. hxg6 fxg6 15.
Qd2 a6 16. Be2 Qe7 17. O-O-O Ne5 18. Nxe5 Qxe5 19. f3 Bd7 20. Bc4 b5 21. Bb3
bxa4 22. Bxa4 Bxa4 23. Nxa4 Rab8 24. Qh2 Rb4 25. Nc3 Rfb8 26. Ne2 Rxb2 27. Nxf4
Qc3 28. Qxh7+ Kf7 29. Qxg6+ Ke7 30. Qxg7+ Qxg7 31. e5 Rb1+ 32. Kd2 Rxd1+ 33.
Rxd1 Qg5 0-1

[Event "USCL Week 6"]
[Site "Internet Chess Club"]
[Date "2011.10.05"]
[Round "?"]
[White "Pruess, David"]
[Black "Zaremba, Andrei"]
[Result "1/2-1/2"]
[WhiteElo "2414"]
[BlackElo "2417"]
[PlyCount "81"]
[EventDate "2011.??.??"]

1. e4 c6 2. d4 d5 3. Nc3 dxe4 4. Nxe4 Bf5 5. Ng3 Bg6 6. Nf3 Nd7 7. h4 h6 8. h5
Bh7 9. Bd3 Bxd3 10. Qxd3 Ngf6 11. Bf4 Qa5+ 12. Bd2 Qc7 13. O-O-O e6 14. Kb1
O-O-O 15. c4 Bd6 16. Ne4 Nxe4 17. Qxe4 Nf6 18. Qe2 Rhe8 19. Bc3 c5 20. Ne5 cxd4
21. Bxd4 Bxe5 22. Bxe5 Qc6 23. f3 Rxd1+ 24. Rxd1 Nxh5 25. Qe3 b6 26. c5 Rd8 27.
Rxd8+ Kxd8 28. cxb6 axb6 29. Qd4+ Ke8 30. Bxg7 Nxg7 31. Qxg7 Qc4 32. a3 h5 33.
Qg8+ Ke7 34. Qg5+ Ke8 35. Qg8+ Ke7 36. Qg5+ Ke8 37. Qxh5 Qf1+ 38. Ka2 Qc4+ 39.
Kb1 Qf1+ 40. Ka2 Qc4+ 41. Kb1 1/2-1/2

[Event "USCL Week 6"]
[Site "Internet Chess Club"]
[Date "2011.10.05"]
[Round "?"]
[White "Yedidia, Jonathan"]
[Black "Olivera, Joan"]
[Result "1/2-1/2"]
[WhiteElo "2428"]
[BlackElo "2399"]
[PlyCount "140"]
[EventDate "2011.??.??"]

1. c4 e6 2. g3 d5 3. Nf3 Nf6 4. Bg2 Be7 5. O-O O-O 6. b3 b6 7. Bb2 c5 8. e3 Bb7
9. Qe2 Nc6 10. Rd1 d4 11. exd4 cxd4 12. d3 Bc5 13. Nbd2 Qc7 14. Ne4 Nxe4 15.
Qxe4 Ne7 16. Qe1 Qd6 17. a3 a5 18. Bc1 f6 19. Rb1 Nc6 20. Nd2 f5 21. Nf3 Rae8
22. Ne5 Nxe5 23. Bxb7 Nc6 24. Bxc6 Qxc6 25. Qe5 Qf3 26. Bb2 f4 27. Bxd4 Qg4 28.
f3 Bxd4+ 29. Qxd4 Qh3 30. Qf2 fxg3 31. hxg3 Rf6 32. Qg2 Qf5 33. f4 h5 34. Kh2
h4 35. gxh4 Rg6 36. Qf2 Rg4 37. Rg1 Rxf4 38. Qg3 Qf6 39. Rg2 Rf8 40. Re1 Rxh4+
41. Kg1 Qh6 42. Rh2 Rxh2 43. Qxh2 Qg6+ 44. Qg2 Qxd3 45. Rxe6 Qd4+ 46. Kh1 Qh4+
47. Kg1 Rf4 48. Qa8+ Kh7 49. Re2 Rg4+ 50. Kf1 Qh3+ 51. Rg2 Rf4+ 52. Ke2 Qe6+
53. Kd2 Rd4+ 54. Kc2 Qf5+ 55. Kb2 Qe5 56. Ka2 a4 57. Qxa4 Rd1 58. Rb2 g5 59.
Qa7+ Kh6 60. Qxb6+ Kh5 61. Qf2 g4 62. c5 Kg5 63. c6 g3 64. Qc2 Qe1 65. Qc5+ Kg6
66. Rc2 Ra1+ 67. Kb2 Rb1+ 68. Ka2 Ra1+ 69. Kb2 Rb1+ 70. Ka2 Ra1+ 1/2-1/2

[Event "USCL Week 6"]
[Site "Internet Chess Club"]
[Date "2011.10.05"]
[Round "?"]
[White "Young, Angelo"]
[Black "Defibaugh, Jared"]
[Result "1-0"]
[WhiteElo "2415"]
[BlackElo "2363"]
[PlyCount "105"]
[EventDate "2011.??.??"]

1. Nf3 Nf6 2. g3 g6 3. b3 Bg7 4. Bb2 c5 5. Bg2 Nc6 6. c4 O-O 7. O-O d6 8. d4
Ne4 9. Nbd2 f5 10. e3 Nxd2 11. Qxd2 e5 12. dxe5 dxe5 13. Qd5+ Kh8 14. Qxc5 e4
15. Bxg7+ Kxg7 16. Nd4 Rf6 17. Nxc6 Rxc6 18. Qd4+ Qf6 19. Rfd1 Be6 20. Rac1 Rc7
21. f3 exf3 22. Bxf3 Rac8 23. Rc2 b6 24. Rcd2 Re7 25. Kf2 Rce8 26. Qxf6+ Kxf6
27. Rd6 Kg7 28. Bc6 Rf8 29. R1d4 g5 30. a4 Rf6 31. Bf3 g4 32. Bg2 Rh6 33. Kg1
Bf7 34. Rxh6 Kxh6 35. Kf2 Kg5 36. Bc6 Be6 37. Rd6 Bc8 38. Bd5 h5 39. Rd8 Bb7
40. Bxb7 Rxb7 41. Rd5 Re7 42. b4 Re4 43. Rd4 Re7 44. c5 bxc5 45. bxc5 Kf6 46.
Ke2 Rc7 47. Rd5 Rb7 48. c6 Rc7 49. Rc5 Ke6 50. Kd3 Kd6 51. Kd4 a6 52. Rxf5 Kxc6
53. Rc5+ 1-0

[Event "USCL Week 6"]
[Site "Internet Chess Club"]
[Date "2011.10.05"]
[Round "?"]
[White "Amanov, Mesgen"]
[Black "Margvelashvili, Giorgi"]
[Result "1/2-1/2"]
[WhiteElo "2576"]
[BlackElo "2538"]
[PlyCount "177"]
[EventDate "2011.??.??"]

1. d4 Nf6 2. c4 c5 3. d5 e6 4. Nc3 exd5 5. cxd5 d6 6. g3 g6 7. Bg2 Bg7 8. Nf3
O-O 9. O-O Nbd7 10. a4 b6 11. Nd2 Re8 12. Nc4 Ne5 13. Nxe5 Rxe5 14. e4 Re8 15.
h3 Ba6 16. Re1 Nd7 17. f4 c4 18. Be3 Nc5 19. Bxc5 bxc5 20. Re2 Rb8 21. Qe1 Bd4+
22. Kh2 Qc7 23. Rd1 Kg7 24. e5 dxe5 25. fxe5 Rxe5 26. Rxe5 Bxe5 27. d6 Bxd6 28.
Nd5 Bxg3+ 29. Qxg3 Qxg3+ 30. Kxg3 Rxb2 31. Nc7 Bb7 32. Bxb7 Rxb7 33. Na6 Rb6
34. Nxc5 Rc6 35. Ne4 c3 36. Rc1 c2 37. Kf3 f5 38. Nf2 Kf6 39. Ke3 Rc3+ 40. Kd2
Ra3 41. Rxc2 Rxa4 42. Ke2 a5 43. Kf3 Ra3+ 44. Kg2 Kg5 45. Rc4 Kf6 46. h4 Rb3
47. Rc6+ Kg7 48. Ra6 Rb4 49. Kg3 a4 50. Ra7+ Kh6 51. Kh3 Rb3+ 52. Kg2 a3 53.
Nh3 Rb2+ 54. Kg3 Rb3+ 55. Kg2 Rb4 56. Rxa3 Rxh4 57. Ra7 Rd4 58. Rf7 Ra4 59. Kg3
Ra3+ 60. Kg2 Ra2+ 61. Kg3 Rb2 62. Kf3 Rb3+ 63. Kg2 Rb8 64. Kg3 Rg8 65. Kf4 Rg7
66. Ng5 Rxf7 67. Nxf7+ Kg7 68. Nd6 Kf6 69. Ne8+ Kf7 70. Nd6+ Ke6 71. Ne8 h6 72.
Ng7+ Kf6 73. Ne8+ Kf7 74. Nc7 Ke7 75. Ke5 h5 76. Ne6 Kf7 77. Ng5+ Kg7 78. Nh3
Kh6 79. Kf4 h4 80. Ng5 Kg7 81. Ke5 Kh6 82. Kf4 Kg7 83. Ke5 h3 84. Nxh3 g5 85.
Nxg5 f4 86. Ke4 Kg6 87. Nf3 Kf6 88. Ne5 f3 89. Nxf3 1/2-1/2

[Event "USCL Week 6"]
[Site "Internet Chess Club"]
[Date "2011.10.05"]
[Round "?"]
[White "Prilleltensky, Matan"]
[Black "Sevian, Samuel"]
[Result "1-0"]
[WhiteElo "2186"]
[BlackElo "2262"]
[PlyCount "97"]
[EventDate "2011.??.??"]

1. d4 Nf6 2. c4 c5 3. d5 d6 4. Nc3 g6 5. e4 Bg7 6. f4 O-O 7. Nf3 Na6 8. Bd3 Bg4
9. O-O Nc7 10. h3 Bxf3 11. Qxf3 Nd7 12. Be3 e6 13. a4 exd5 14. cxd5 Qe7 15.
Rad1 Bxc3 16. bxc3 f6 17. Rfe1 Rae8 18. Qg4 Qg7 19. h4 Kh8 20. c4 Na6 21. a5
Nb4 22. Bb1 b6 23. axb6 Nxb6 24. Rc1 a5 25. Bd2 a4 26. Re3 Ra8 27. Ra3 Rfe8 28.
Rcc3 Kg8 29. h5 Ra7 30. Qe2 f5 31. hxg6 hxg6 32. Rg3 Kf8 33. Bc3 Qf7 34. e5 Ke7
35. e6 Qg8 36. Bxf5 Kd8 37. Rxg6 Qf8 38. Rf6 Qg8 39. Bg6 Ree7 40. f5 Rg7 41.
Rf7 Rgxf7 42. exf7 Rxf7 43. Qe6 Rf8 44. Qxd6+ Kc8 45. Be5 Kb7 46. Qxc5 Nc2 47.
Qc7+ Ka8 48. Qxb6 Nxa3 49. Qa6# 1-0